[Event "ESP-chT Div Honor 2018"]
[Site "Linares"]
[Date "2018.08.10"]
[Round "5"]
[White "Aroshidze, Levan"]
[Black "Ramiro Ovejero, Juan Luis"]
[Result "1-0"]
[WhiteElo "2504"]
[BlackElo "2382"]
[Annotator "TA"]
[PlyCount "113"]
[EventDate "2018.08.06"]
[EventType "team-tourn"]
[EventCountry "ESP"]
[SourceTitle "playchess.com"]
[Source "ChessBase"]
[SourceQuality "1"]

{[%evp 15,113,27,37,35,54,61,36,38,33,18,25,25,26,31,38,39,35,48,41,40,47,47,47,26,27,34,39,28,62,56,69,62,76,72,76,80,76,32,32,32,33,28,40,25,25,0,42,42,54,54,54,54,53,47,66,67,67,65,65,66,73,69,72,71,72,69,96,84,101,101,90,65,93,53,97,61,177,107,308,309,292,278,280,259,269,259,259,254,240,241,293,197,347,340,339,325,2170,1725,534,534]} 1. e4 c5 2. Nf3 e6 3. d4 cxd4 4. Nxd4 a6 5. c4 Nf6 6. Nc3 Bb4 7. Qd3 {B41: Sicilian: Kan Variation: 5 c4} O-O (7... Qc7 8. Nc2 Bc5 9. Be2 O-O 10. O-O Nc6 11. Kh1 d6 12. f4 Bd7 13. a3 Rad8 14. b4 Ba7 {½-½ (115) Karjakin,S (2782)-Caruana,F (2816) Paris 2018}) 8. e5 Ne8 $1 {LiveBook: 12 Games} 9. Bf4 {White is slightly better.} d6 10. Nc2 Bxc3+ 11. Qxc3 dxe5 12. Rd1 Qe7 13. Bxe5 Nc6 {[#]} 14. Be2 $146 ({Predecessor:} 14. Bg3 f5 {½-½ (57) Solodovnichenko,Y (2602)-Miezis,N (2574) Borup 2012}) 14... f6 15. Bg3 {[%cal Be5g3,Bg3f2,Bf2b6][%mdl 32]} e5 16. O-O Nd6 17. f3 Nf5 18. Bf2 Be6 19. Rfe1 Rfd8 20. Bb6 Rxd1 21. Rxd1 Rc8 22. b3 Re8 23. Bd3 Qf7 24. Be4 Nfe7 25. Nb4 f5 26. Bc2 Nxb4 27. Qxb4 Nc6 28. Qd2 Re7 29. Qe3 Rd7 30. f4 Rxd1+ 31. Bxd1 Qd7 32. Be2 e4 33. Bc5 Qd8 34. Qc3 Qa5 35. Qxa5 Nxa5 $14 {[%mdl 4096] Endgame KBB-KBN} 36. Kf2 Kf7 37. Ke3 Ke8 38. Kd4 Nc6+ 39. Kc3 $1 Kd7 40. Bb6 g6 41. b4 {[%cal Bb3b4,Bb4b5][%mdl 32]} Nb8 42. a4 Kc6 43. Bd8 Kd7 44. Bf6 a5 45. b5 b6 {[#]} (45... Kc7 $14) 46. Kd4 $1 $18 (46. Bd4 $6 Kc7 $16) 46... Bg8 $2 {[#]} (46... Kc7 $16) 47. c5 $1 bxc5+ 48. Kxc5 Bb3 49. Bc3 Bxa4 50. Bc4 ({Don't take} 50. Bxa5 $6 Bb3 $16) 50... Bc2 51. Bxa5 Bd3 52. Bg8 h6 53. Bh7 e3 (53... Ke6 $142) 54. Bxg6 Ke6 55. g4 {[%cal Bg2g4,Bg4f5][%mdl 32]} e2 $2 (55... Nd7+ 56. Kd4 Bxb5 57. Bxf5+ Kf7 58. Kxe3 Nf6) 56. Bxf5+ Bxf5 57. gxf5+ {Precision: White = 78%, Black = 50%.} 1-0

[Event "ESP-chT Div Honor 2018"]
[Site "Linares"]
[Date "2018.08.10"]
[Round "5"]
[White "Osmak, Iulija"]
[Black "Moskalenko, Viktor"]
[Result "1/2-1/2"]
[WhiteElo "2410"]
[BlackElo "2504"]
[Annotator "TA"]
[PlyCount "60"]
[EventDate "2018.08.06"]
[EventType "team-tourn"]
[EventCountry "ESP"]
[SourceTitle "playchess.com"]
[Source "ChessBase"]
[SourceQuality "1"]

{[%evp 27,60,8,18,6,13,8,8,10,6,0,3,0,0,0,0,0,0,0,8,0,0,0,0,0,0,0,11,0,10,0,0,0,0,0,0]} 1. e4 e5 2. Nf3 Nc6 3. Bb5 Nf6 4. O-O Nxe4 5. Re1 Nd6 6. Nxe5 Be7 7. Bf1 Nxe5 8. Rxe5 O-O 9. d4 Bf6 10. Re1 Re8 {C67: Spanische Partie (Berliner Verteidigung)} (10... Nf5 11. d5 Re8 12. Rxe8+ Qxe8 13. Qd3 d6 14. Nd2 Bg5 15. Nf3 Bxc1 16. Rxc1 Bd7 17. Re1 Qd8 18. Qc4 {1-0 (31) Carlsen,M (2843)-Aronian,L (2764) Stavanger 2018}) 11. c3 Rxe1 12. Qxe1 Qe8 13. Qxe8+ Nxe8 14. Bd3 d5 {LiveBook: 3 Partien. Die Stellung ist ausgeglichen.} 15. Bf4 Be7 16. Nd2 Bd6 17. Bxd6 Nxd6 18. Re1 Kf8 $146 19. f3 ({Ein No Go ist} 19. Bxh7 g6 $17) 19... Bf5 20. Bxf5 Nxf5 $11 {[%mdl 4096] Endspiel KTS-KTS} 21. Kf2 Re8 22. Rxe8+ Kxe8 {KS-KS} 23. Nf1 Ke7 24. Ne3 Ke6 25. g4 Nxe3 26. Kxe3 g5 27. Kd3 Kd6 28. b4 b5 29. Ke3 Ke6 30. f4 f6 {Precision: Weiß = 38%, Schwarz = 78%.} 1/2-1/2

[Event "ESP-chT Div Honor 2018"]
[Site "Linares"]
[Date "2018.08.10"]
[Round "5"]
[White "Vega Gutierrez, Sabrina"]
[Black "Collazo Hidalgo-Gato, Niala"]
[Result "1-0"]
[WhiteElo "2390"]
[BlackElo "2199"]
[Annotator "TA"]
[PlyCount "155"]
[EventDate "2018.08.06"]
[EventType "team-tourn"]
[EventCountry "ESP"]
[SourceTitle "playchess.com"]
[Source "ChessBase"]
[SourceQuality "1"]

{[%evp 12,155,52,18,47,14,11,17,9,4,14,5,25,13,34,18,18,0,0,0,0,-19,-17,-21,-11,-18,0,-11,6,13,9,0,0,0,37,33,42,23,55,41,42,37,96,42,87,73,54,10,73,0,0,0,204,193,194,154,267,270,293,215,259,255,272,224,183,0,0,0,0,0,0,0,0,0,126,95,125,41,126,66,248,248,241,241,241,233,233,233,233,0,0,0,233,235,220,125,125,125,125,118,118,118,185,183,182,122,337,312,12843,12843,12844,12844,12845,12845,12845,12846,12847,12848,12850,12850,12850,29983,12851,29984,29984,29985,29985,29986,29986,29987,29989,29988,29987,29988,29988,29989,29989,29990,29990,29990,29990,29990,29992,29993,29994,12851]} 1. d4 g6 2. e4 Bg7 3. Nf3 d6 4. Bc4 e6 5. Bb3 Ne7 6. O-O O-O {B06: Modern Defence} 7. Qe2 {LiveBook: 3 Games} (7. Re1 Nd7 8. c3 a6 9. Nbd2 b5 10. Nf1 c5 11. Ng3 Bb7 12. Bf4 e5 13. Be3 exd4 14. cxd4 {0-1 (40) Grandelius,N (2653)-Dubov,D (2677) Germany 2017}) 7... a5 8. a3 $146 ({Predecessor:} 8. a4 b6 9. Rd1 Nd7 10. Bf4 Nf6 11. h3 Bb7 12. Nbd2 Qd7 13. Bh2 Rfc8 14. c3 {1-0 (55) Lein,A-Ujtelky,M Sochi (Russia) 1967}) 8... a4 {The position is equal.} 9. Ba2 b6 10. Rd1 Nd7 11. Bf4 Bb7 12. Nc3 Ra5 13. Bd2 Ra8 14. Nb5 Nf6 15. e5 Ne4 16. exd6 Nxd6 17. Nxd6 cxd6 18. Bg5 Qd7 19. c3 h6 20. Bxe7 Qxe7 21. d5 {[%cal Rd5e6]} e5 22. Nd4 Qg5 23. Nc6 f5 24. Bc4 Bc8 25. Bb5 f4 26. f3 Qf6 (26... Rf7 $14) 27. Qf2 (27. Qc4 $16) 27... g5 28. Qxb6 g4 29. Qc7 e4 (29... gxf3 $11 30. gxf3 e4) 30. Qe7 (30. fxe4 $16 {Strongly threatening e5.} f3 31. Ne7+ Kh8 32. Rd2) 30... gxf3 $11 31. Qxe4 {Threatens to win with Ne7+.} Rf7 $2 (31... Bg4 $1 $11) 32. Qxf3 Qg5 33. h3 h5 (33... Rb7 $16 {might work better.}) 34. Be2 $18 Bf5 35. Nd4 Bxd4+ 36. Rxd4 Bg6 37. Rf1 Re8 38. Kh1 $2 (38. Rxa4 Re3 $11) (38. h4 $18 Qxh4 39. Bb5 (39. Rxa4 Qg5 $16)) 38... Re3 $11 39. Qf2 Be4 40. Bf3 (40. Rxa4 Rxh3+ 41. Kg1 Bxg2 $1 $15 {[%mdl 512]}) 40... Bxf3 $1 41. gxf3 Rg7 42. Rg1 $1 {[%cal Rg1g5]} (42. Rxa4 $2 Qf5 $19) 42... Qf5 (42... Rxf3 $1 $11 {remains equal.} 43. Rxg5 Rxf2 44. Rxg7+ (44. Rxh5 Rfg2 $11) 44... Kxg7) 43. Rxg7+ $16 Kxg7 {[%mdl 4096] Endgame KQR-KQR} 44. Kh2 (44. Qg2+ $16 Kh6 45. Kh2 (45. Rxa4 Qxd5 46. Rd4 Qe6 $16)) 44... Kh6 (44... Kf7 $14) 45. Rd2 ({Much weaker is} 45. Rxa4 $6 Qd3 $11) (45. c4 $16) 45... Qb1 $2 (45... Rd3 $14) 46. Qh4 $1 $18 {[%cal Rh4f4]} Qf5 47. Qd8 $1 {Threatening mate with Rg2.} Rxf3 48. Qxd6+ Kh7 49. Qe7+ Kh8 50. Qe8+ Kh7 51. Qe7+ Kh8 52. Qh4 $1 Qe5 53. d6 ({White should play} 53. Qd8+ $18 Kh7 54. Qd7+ Kh6 55. Qc6+ Kh7 56. Qb7+ (56. Qxa4 $2 Rf2+ 57. Rxf2 f3+ 58. Qf4 Qxf4+ 59. Kh1 Qg3 $19) 56... Kg8 57. Qc8+ Kh7 58. Qb7+ Kg6 59. Qc6+ Kg7 60. Qc5) 53... Re3 $16 54. Qd8+ Kh7 {[#] ( -> ...f3+)} 55. Qe7+ $1 Qxe7 56. dxe7 Rxe7 {KR-KR} (56... Kg6 $16) 57. Kg2 $18 Kg6 58. Kf3 Kf5 $2 (58... Re3+ $16 {was called for.} 59. Kxf4 Rxh3) 59. Rd5+ Re5 $2 {[#]} (59... Kg6 60. Kxf4 Rf7+ 61. Kg3 Rb7) 60. Rxe5+ $1 Kxe5 {KP-KP} 61. h4 Kf5 62. c4 Ke5 63. c5 Kd5 64. Kxf4 Kxc5 {K3P-KPP} 65. Kg5 Kc4 66. Kxh5 {KP-KP} Kb3 67. Kg4 Kxb2 {White mates.} 68. h5 Kxa3 {KP-KP} 69. h6 Ka2 70. h7 a3 71. h8=Q Kb1 72. Qh1+ Kb2 73. Qg2+ Kb1 74. Qf1+ Kb2 75. Qe2+ Kb1 76. Qe1+ Kb2 77. Qb4+ Ka2 78. Kf3 {Precision: White = 49%, Black = 36%.} (78. Kf4 $142 Ka1 79. Qxa3+ Kb1 80. Ke3 Kc2 81. Qb4 Kc1 82. Kd3 Kd1 83. Qd2#) 1-0

[Event "ESP-chT Div Honor 2018"]
[Site "Linares"]
[Date "2018.08.10"]
[Round "5"]
[White "Silva Lucena, Cristian"]
[Black "Del Rio De Angelis, Salvador G"]
[Result "1/2-1/2"]
[WhiteElo "2237"]
[BlackElo "2525"]
[Annotator "TA"]
[PlyCount "77"]
[EventDate "2018.08.06"]
[EventType "team-tourn"]
[EventCountry "ESP"]
[SourceTitle "playchess.com"]
[Source "ChessBase"]
[SourceQuality "1"]

{[%evp 19,77,50,54,42,47,45,42,37,42,42,49,42,79,95,94,97,82,99,91,99,128,55,108,-22,-22,-22,-22,-22,0,-94,-95,-71,-95,-61,-55,-52,-47,-152,-71,-59,-44,-31,-33,-32,-32,-116,-14,-14,0,0,0,0,0,0,0,0,0,0,8,8]} 1. e4 c5 2. Nf3 Nc6 3. d4 cxd4 4. Nxd4 Nf6 5. Nc3 d6 6. Bg5 e6 7. Qd2 Qb6 8. O-O-O {B63: Sicilian: Richter-Rauzer: 7...Be7 and unusual Black 7th moves} Nxd4 9. Qxd4 Qxd4 10. Rxd4 a6 {LiveBook: 99 Games} 11. Na4 Nd7 12. c4 b6 13. f3 $146 ({Predecessor:} 13. Be2 Bb7 14. Rhd1 Rc8 15. Nc3 h6 {½-½ (58) Sulskis,S (2553)-Mchedlishvili,M (2635) Plovdiv 2008}) 13... Bb7 14. Be2 Rc8 15. Kb1 Be7 16. Bxe7 Kxe7 17. Rhd1 $1 Rc6 18. b4 Ra8 19. Kb2 g6 20. Kb3 (20. f4 $16) 20... f5 (20... g5 $14) 21. b5 ({White should try} 21. exf5 $16 gxf5 22. f4) 21... axb5 $11 22. cxb5 Nc5+ $1 23. Nxc5 Rxc5 24. Rxd6 (24. a4 $11) 24... Bd5+ $1 $17 25. R1xd5 exd5 26. Rxb6 fxe4 27. fxe4 dxe4 {[%mdl 4096] Endgame KRR-KRB} 28. Rb7+ {[#]} (28. a4 $1 $15) 28... Kd6 (28... Kf6 $142 $1 {Threatens to win with ...Rc1.} 29. Bc4 Rac8 30. Rf7+ Kg5 31. h4+ Kh6) 29. Rxh7 Rf5 {aiming for ...Rf2.} 30. Rg7 Rf2 31. Rxg6+ Ke5 32. Ra6 {[#]} (32. Bc4 $1 $15) 32... Rxa6 (32... Re8 $1 $17 33. Bh5 Rh8) 33. bxa6 {KR-KB. The position is equal.} Kd6 34. a7 Rf8 35. Kc4 Ra8 36. Kd4 Rxa7 37. Kxe4 Rxa2 38. Bf3 Rxg2 39. Bxg2 {Precision: White = 48%, Black = 46%.} 1/2-1/2

[Event "ESP-chT Div Honor 2018"]
[Site "Linares"]
[Date "2018.08.11"]
[Round "6"]
[White "Navara, David"]
[Black "Kokarev, Dmitry"]
[Result "1-0"]
[WhiteElo "2741"]
[BlackElo "2608"]
[Annotator "TA"]
[PlyCount "57"]
[EventDate "2018.08.06"]
[EventType "team-tourn"]
[EventCountry "ESP"]
[SourceTitle "playchess.com"]
[Source "ChessBase"]
[SourceQuality "1"]

{[%evp 20,57,41,44,56,62,103,95,91,101,103,52,42,45,54,60,156,139,236,207,232,233,247,235,226,237,312,292,328,320,296,307,317,308,293,236,807,807,789,777]} 1. d4 Nf6 2. c4 g6 3. Nc3 Bg7 4. e4 d6 5. Nf3 O-O 6. Be2 e5 7. O-O c6 8. dxe5 dxe5 9. Nxe5 {E94: King's Indian: Classical: 6 Be2 e5 7 0-0: Various Black 7th moves} (9. b4 Na6 10. Ba3 Qe7 11. Qb3 Re8 12. h3 Nh5 13. b5 Nc5 14. Qc2 b6 15. bxc6 Qd6 16. Bxc5 Qxc5 {1-0 (34) Li,C (2721)-Bacrot,E (2712) Deizisau 2015}) 9... Nxe4 10. Nxe4 Bxe5 11. Bg5 {LiveBook: 3 Games. White is slightly better.} Qc7 12. f4 $1 {[%cal Rf4e5]} Bxb2 13. Bf6 $1 {[%cal Rf6b2]} Qb6+ $146 ({Predecessor:} 13... Re8 14. Bxb2 Rxe4 15. Qd2 Nd7 16. Bd3 Re7 17. c5 b5 18. Rae1 Qd8 19. Bxb5 Rxe1 20. Rxe1 cxb5 21. Qd4 Qf6 22. Re8+ {1-0 (22) Quintiliano Pinto,R (2451)-Patel,A (2448) Saint Louis 2017}) 14. c5 Qb4 15. Bxb2 (15. Bf3 $16) 15... Qxb2 $14 16. Rb1 Qg7 $1 17. Qd6 $36 {[%mdl 2048] Black must now prevent Nf6+. White fights for an advantage.} Nd7 (17... Kh8 $14) 18. Bc4 {[%cal Be2c4,Bc4e6,Be6d7][%mdl 32]} b6 (18... b5 $16 {is a better defense.}) 19. f5 $1 $18 {[%cal Bf4f5,Bf5g6][%mdl 32]} (19. Qxc6 Qd4+ 20. Kh1 Qxc4 $16) 19... Nxc5 {[#]} 20. Nf6+ $1 (20. Nxc5 Bxf5 21. Rxf5 gxf5 $11) 20... Kh8 21. fxg6 Be6 ({Not} 21... fxg6 $2 {[#]} 22. Nh5 $1 $18 {[%mdl 512]}) ({Avoid the trap} 21... hxg6 $2 22. Rf4 $18) 22. Bxe6 Rad8 23. Bd7 $1 fxg6 24. Rbe1 {Hoping for Ne8.} ({Less strong is} 24. Rbd1 Rf7 $16) 24... Nxd7 25. Nxd7 Rxf1+ 26. Rxf1 c5 27. h3 c4 $2 (27... Qd4+ 28. Qxd4+ cxd4) 28. Qe6 Qd4+ 29. Kh2 {Precision: White = 84%, Black = 41%.} 1-0

[Event "ESP-chT Div Honor 2018"]
[Site "Linares"]
[Date "2018.08.11"]
[Round "6"]
[White "Vitiugov, Nikita"]
[Black "Oparin, Grigoriy"]
[Result "1/2-1/2"]
[WhiteElo "2730"]
[BlackElo "2609"]
[Annotator "TA"]
[PlyCount "143"]
[EventDate "2018.08.06"]
[EventType "team-tourn"]
[EventCountry "ESP"]
[SourceTitle "playchess.com"]
[Source "ChessBase"]
[SourceQuality "1"]

{[%evp 20,143,0,0,0,0,0,0,0,0,0,0,0,0,0,0,31,35,25,30,46,53,45,55,59,36,33,34,49,32,32,31,27,30,92,92,92,86,127,131,141,141,182,182,182,182,182,182,224,213,210,182,193,189,215,221,212,204,207,204,199,0,189,0,182,182,210,210,370,177,179,182,337,249,239,85,99,85,85,97,131,130,149,136,250,250,250,242,256,244,327,306,309,327,393,385,369,184,327,321,377,372,350,271,200,0,325,328,318,313,256,0,0,0,241,9,11,8,10,0,27,0,33,0,17,0]} 1. e4 e5 2. Nf3 Nc6 3. d4 exd4 4. Nxd4 Bc5 5. Nb3 Bb6 6. Nc3 Nf6 7. Qe2 {C45: Scotch Game} O-O 8. Bg5 h6 9. Bh4 a5 10. a4 Nd4 11. Qd3 {LiveBook: 12 Games} Nxb3 12. cxb3 c6 13. O-O-O {And now e5 would win.} d5 14. exd5 cxd5 {[#]} 15. Bxf6 $146 ({Predecessor:} 15. Nxd5) 15... Qxf6 16. Nxd5 Qxf2 {...Bg4 is the strong threat.} 17. Qe4 Kh8 18. Rd2 Qc5+ 19. Kb1 Bd8 20. Bd3 {[%csl Gd3][%cal Re4h7]} f5 21. Qf3 Be6 22. Bc4 Bg5 23. Rd3 Rad8 24. Rhd1 b6 25. h4 Bf6 $1 (25... Bxh4 26. Nf4 $16) 26. h5 Bxd5 (26... Bg5 $11) 27. Rxd5 $16 Rxd5 28. Rxd5 Qg1+ 29. Ka2 $1 Qc1 {[%csl Gf6][%cal Rc1b2]} 30. Qe2 $1 f4 31. Rd2 Qg1 32. Qg4 Qc5 33. Re2 {Threatens to win with Qg6.} Qg5 34. Qf3 $1 Qc5 35. Re4 Qd6 36. Qe2 ({But not} 36. Qxf4 $6 Qxf4 37. Rxf4 g5 $14) 36... g5 37. hxg6 Bg7 38. Re6 Qd4 39. Rc6 Rd8 40. Re6 {Threatening mate with Re8+.} Rf8 $1 41. Re4 Qd6 $1 42. Bf7 Bf6 43. Qf2 Be5 $2 {[#]} (43... Kg7 {keeps fighting.} 44. Rxf4 Rd8) 44. Bc4 (44. g3 $142 $1 {[%mdl 512]}) 44... Kg7 $18 45. Re2 Rd8 $2 (45... Kh8 46. Qe1 Bg7) 46. Qf3 Bf6 {[#]} 47. Qe4 $2 (47. g3 $1 $18 {[%mdl 512]}) 47... h5 $16 48. Qf5 Qc5 49. Qxf4 Rd1 {( -> ...Qa3+!)} 50. b4 $1 {[%cal Rb4c5]} Qd4 51. Qc7+ Kxg6 (51... Qd7 $16 {was necessary.} 52. Qxd7+ Rxd7 53. bxa5 bxa5) 52. Bb3 $1 $18 ({Weaker is} 52. bxa5 Ra1+ 53. Kb3 (53. Kxa1 Qd1+ 54. Ka2 Qxa4+ 55. Kb1 Qd1+ 56. Ka2 Qa4+ 57. Kb1 Qd1+ 58. Ka2 Qa4+ $11) 53... Rb1 $14) 52... Rd3 {aiming for ...Rxb3!} 53. Qc2 Kh6 54. Rf2 {Black must now prevent Rxf6+!} Rg3 55. bxa5 bxa5 56. Qc1+ Rg5 57. Rf4 Qe5 58. g3 (58. Rc4 $142) 58... Kg7 (58... Kg6 {was called for.} 59. Qc2+ Kh6) 59. Rc4 Rxg3 60. Rc7+ Be7 61. Qc4 Kh6 62. Qc1+ $2 (62. Qc2 $18) 62... Rg5 $2 {[%mdl 8192]} (62... Kg7 $1 $11) 63. Rc6+ Bf6 64. Qd2 $1 Kg7 {[#]} 65. Qd7+ $2 (65. Rd6 $1 $18) 65... Kh6 $11 {[%csl Gf6][%cal Re5b2]} 66. Qd2 $2 (66. Rc2 $11) 66... Kg7 $18 {[#]} 67. Re6 $2 ({White has to play} 67. Rd6 $1 $18) 67... Qd4 $11 68. Qc2 Rc5 69. Qg2+ Rg5 70. Qc2 Rc5 $1 {[%cal Rc5c2]} 71. Qg2+ (71. Qh2 $5 {[%cal Re6d6]}) 71... Rg5 72. Qc2 {Precision: White = 66%, Black = 56%.} 1/2-1/2

[Event "ESP-chT Div Honor 2018"]
[Site "Linares"]
[Date "2018.08.11"]
[Round "6"]
[White "Vidit, Santosh Gujrathi"]
[Black "Kuzubov, Yuriy"]
[Result "1/2-1/2"]
[WhiteElo "2715"]
[BlackElo "2647"]
[Annotator "TA"]
[PlyCount "83"]
[EventDate "2018.08.06"]
[EventType "team-tourn"]
[EventCountry "ESP"]
[SourceTitle "playchess.com"]
[Source "ChessBase"]
[SourceQuality "1"]

{[%evp 14,83,37,34,36,31,32,29,32,28,29,33,29,23,34,33,27,11,12,7,18,0,0,0,0,0,0,0,13,7,5,10,10,0,0,0,0,0,0,0,0,0,0,0,0,0,0,0,0,0,0,0,0,0,0,0,0,0,0,0,0,0,0,0,0,0,0,0,0,0,0,0]} 1. e4 c5 2. Nf3 Nc6 3. Bb5 Nf6 4. Nc3 Qc7 5. O-O Nd4 6. Re1 {B30: Sicilian: 2...Nc6 3 Bb5, lines without ...g6} e5 7. d3 (7. Bc4 Be7 8. d3 d6 9. Bg5 Bg4 10. Nb5 Nxb5 11. Bxb5+ Nd7 12. Bxe7 Kxe7 13. h3 Bh5 {½-½ (42) Eljanov,P (2702)-Kuzubov,Y (2663) Brest 2018}) 7... Be7 8. Bg5 {LiveBook: 4 Games. White is slightly better.} O-O 9. Bc4 d6 10. Bxf6 Bxf6 11. Nd5 Qd8 12. Nxd4 $146 ({Predecessor:} 12. c3 Nxf3+ 13. Qxf3 {1-0 (37) Rohit,G (2457)-Hirth,U (2163) Groningen 2008}) 12... cxd4 13. Rf1 (13. c3 {with more complications.} dxc3 14. bxc3 Be6 15. Rb1 b6 16. a4) 13... g6 14. Nxf6+ Qxf6 15. Qd2 Be6 {The position is equal.} 16. f4 Rac8 17. Bb3 exf4 18. Rxf4 Qe5 19. Raf1 Bxb3 20. cxb3 Rc7 21. Qf2 Rd7 22. Rc1 d5 23. h3 Re8 24. Rc5 b6 25. Rxd5 Rxd5 26. exd5 Qxd5 27. Qxd4 $11 {[%mdl 4096] Endgame KQR-KQR} Re1+ 28. Kh2 Qxd4 29. Rxd4 {KR-KR} Re2 30. Ra4 a5 31. b4 Rxb2 32. bxa5 bxa5 33. Rxa5 Rd2 34. Ra3 Kg7 35. Kg3 f5 36. h4 h6 37. Kf3 g5 38. h5 Kf6 39. Ra6+ Ke5 40. Ra5+ Ke6 41. Ra6+ Ke5 42. Ra5+ {Precision: White = 64%, Black = 92%.} 1/2-1/2

[Event "ESP-chT Div Honor 2018"]
[Site "Linares"]
[Date "2018.08.11"]
[Round "6"]
[White "Kryvoruchko, Yuriy"]
[Black "Leko, Peter"]
[Result "1/2-1/2"]
[WhiteElo "2711"]
[BlackElo "2691"]
[Annotator "TA"]
[PlyCount "60"]
[EventDate "2018.08.06"]
[EventType "team-tourn"]
[EventCountry "ESP"]
[SourceTitle "playchess.com"]
[Source "ChessBase"]
[SourceQuality "1"]

{[%evp 17,60,0,0,0,1,-11,-16,-14,5,-21,15,20,25,0,0,0,0,0,0,0,0,0,0,0,0,0,0,0,0,0,0,-7,0,0,0,0,0,0,0,0,0,0,0,0,0]} 1. e4 e5 2. Nf3 Nc6 3. Bb5 Nf6 4. d3 Bc5 5. Bxc6 dxc6 6. Qe2 {C65: Spanische Partie (Berliner-Verteidigung)} Qe7 7. Nbd2 Bg4 8. h3 Bh5 9. Nc4 (9. a3 Nd7 10. b4 Bb6 11. Nc4 a5 12. Rb1 axb4 13. axb4 Ra2 {0-1 (52) Carlsen,M (2843)-Aronian,L (2764) Stavanger 2018}) 9... Nd7 {LiveBook: 5 Partien} 10. Bd2 f6 11. Ne3 Bxe3 $146 ({Vorgänger:} 11... O-O-O 12. a4 Bxe3 13. Qxe3 Qc5 14. Qxc5 Nxc5 {½-½ (31) Gazik,V (2433)-Zilka,S (2533) Prague 2016}) 12. Qxe3 Bxf3 13. gxf3 Nc5 (13... f5 $5) 14. f4 Ne6 15. fxe5 fxe5 {Die Stellung ist ausgeglichen.} 16. Bc3 Qf6 17. O-O-O c5 18. Rhg1 O-O 19. Rg4 Rae8 20. Rdg1 {Und Dg3 würde nun gewinnen.} Re7 21. h4 Nd4 22. R1g2 b6 23. Bxd4 cxd4 24. Qg3 c5 {[%cal Bc7c5,Bc5c4,Bc4d3][%mdl 32]} 25. Rg5 Qf4+ 26. Kd1 {[%cal Rg5g7]} Qxg3 27. R5xg3 b5 28. Ke2 c4 29. Rg5 Rf6 30. h5 cxd3+ {Precision: Weiß = 73%, Schwarz = 66%.} 1/2-1/2

[Event "ESP-chT Div Honor 2018"]
[Site "Linares"]
[Date "2018.08.11"]
[Round "6"]
[White "Jones, Gawain C B"]
[Black "Perez Candelario, Manuel"]
[Result "1-0"]
[WhiteElo "2666"]
[BlackElo "2611"]
[Annotator "TA"]
[PlyCount "127"]
[EventDate "2018.08.06"]
[EventType "team-tourn"]
[EventCountry "ESP"]
[SourceTitle "playchess.com"]
[Source "ChessBase"]
[SourceQuality "1"]

{[%evp 14,127,38,33,50,36,39,0,0,0,0,0,0,0,0,0,0,0,0,-29,-23,-29,-28,-30,-21,-37,0,0,0,20,25,0,39,37,100,93,94,104,83,57,59,33,41,0,0,-12,0,-21,-42,-66,-41,-82,-79,-75,-62,-61,-43,-44,12,-20,-20,-20,-20,-20,-18,-20,-20,-17,-12,-92,-89,-145,-156,-257,-186,-186,-184,-178,-147,-189,-152,-158,-139,-88,-64,-77,-22,-31,0,-102,-87,-129,-141,-152,-12,-12,0,0,0,0,0,0,8,0,12838,12835,5502,5245,12836,11178,4134,2102,12850,12851,29942,29939]} 1. d4 Nf6 2. c4 g6 3. Nc3 Bg7 4. e4 d6 5. h3 O-O 6. Be3 c5 7. Nf3 cxd4 8. Nxd4 {LiveBook: 78 Games} a6 {E90: King's Indian: Classical: Early deviations and 6 h3} 9. Be2 b6 10. Bf3 $146 ({Predecessor:} 10. Qd2 Bb7 11. f3 Nbd7 12. O-O-O Ne5 13. Kb1 Rc8 14. b3 e6 15. g4 Qe7 16. h4 {0-1 (49) Svane,R (2587)-Saric,I (2657) Batumi 2018}) 10... Bb7 {The position is equal.} 11. e5 Bxf3 12. Nxf3 dxe5 13. Qxd8 Rxd8 14. Bxb6 Rc8 15. Nd2 Nfd7 16. Be3 f5 17. f3 Nc6 18. Rc1 Rab8 19. b3 e6 20. Ndb1 Nd4 21. Na4 Nf6 22. Kf2 Nh5 23. Rhd1 Nf4 {[#]} (23... Rd8 $14) 24. Rxd4 $1 $16 {[%mdl 512]} Nxh3+ (24... exd4 25. Bxf4) 25. gxh3 exd4 26. Bf4 e5 27. Bh2 Rc6 28. Re1 Re8 $36 {[%mdl 2048] Black is pushing.} 29. Nd2 Bh6 {[#]} 30. f4 $1 {[%mdl 512]} e4 {[#]} (30... exf4 31. Rxe8+) 31. Nf3 $1 {[%mdl 512]} Bg7 (31... exf3 32. Rxe8+) 32. Ne5 Bxe5 $1 33. fxe5 g5 $1 34. Rg1 Rg6 {And now ...f4 would win.} 35. Nc5 h6 (35... Rc8 $15 36. Nb7 f4) 36. Rd1 Rc6 37. Nxe4 fxe4 38. Rxd4 $11 {[%mdl 4096] Endgame KRR-KRB} Kf7 39. Ke3 Ke6 40. Kxe4 Rf8 41. Rd2 (41. Bg3 $11 {was the only way to keep the balance.}) 41... Rf1 $17 {[%mdl 1024] Black has strong compensation.} 42. Rc2 ({White should play} 42. Bg3) 42... Rc8 43. c5 (43. h4 $17) 43... Re1+ 44. Kf3 Rf8+ $1 45. Kg2 Rff1 46. Rc4 Rc1 47. Ra4 Rfe1 48. Rxa6+ Kd5 49. Rd6+ Kxc5 (49... Ke4 $17 {( -> ...Rc2+)} 50. Rd2 Rxc5) 50. Bg3 $11 {Strongly threatening Bf2+.} Rg1+ 51. Kf2 {[#]} (51. Kh2 $1 $11 {remains equal.} Rh1+ 52. Kg2 Rcg1+ 53. Kf2) 51... h5 $1 $17 {[%cal Rh5h4]} 52. h4 g4 53. a3 Rgd1 (53... Ra1 $17 {Threatening ...Rge1.} 54. b4+ Kc4) 54. b4+ $1 $11 Kc4 {Hoping for ...Rc2+.} 55. e6 {[%cal Be5e6,Be6e7][%mdl 32] Black must now prevent Rxd1.} Rxd6 56. Bxd6 {KR-KB} Rc2+ 57. Ke3 Rc3+ (57... Kd5 $5 58. e7 $8 Rc1 $11) 58. Ke4 {e7 is the strong threat.} Rxa3 $2 {[%mdl 8192] [#]} (58... Rc2 $11 59. Bc5 Re2+ 60. Be3 g3) 59. e7 $1 $18 {[%cal Re7e8]} Ra8 60. Ke5 g3 61. Ke6 g2 62. Bc5 Rc8 63. Bg1 Kxb4 64. Kd7 {Precision: White = 58%, Black = 50%.} 1-0